| 000 | 00777nas a2200265 4500 | ||
|---|---|---|---|
| 001 | BR0305964 | ||
| 003 | BR-BrBNA | ||
| 005 | 20231205104213.0 | ||
| 007 | ta | ||
| 008 | 230509b bl.|||p| |||| 00| 00por d | ||
| 040 |
_aBR-BrBNA _bpor _cBiblioteca Nacional de Agricultura |
||
| 041 | _a(En) | ||
| 072 | _aF30 | ||
| 100 | 1 | _aRodrigues, L.R.F. | |
| 100 | 1 | _aSilva, N. da | |
| 100 | 1 | _aMori, E.S. | |
| 245 | 1 | _aBaby corn single-cross hybrids yield in two plant densities | |
| 650 | _aMILHO | ||
| 650 | _aHIBRIDO | ||
| 650 | _aDENSIDADE DE PLANTIO | ||
| 650 | _aRENDIMENTO | ||
| 773 | 0 |
_tCrop Breeding and Applied Biotechnology (Brazil) _xISSN 1518-7853 _g(Sep 2003), v. 3(3) p. 177-184 _wBR0305964 |
|
| 909 |
_a202311 _bLúcia _c55 _dLúcia Elande |
||
| 942 |
_2AGRIS _n0 _cANA |
||
| 999 |
_c176919 _d176919 |
||